000 00449pab a2200181 454500
008 180718b2008 xxu||||| |||| 00| 0 eng d
100 _aGupta, Arun
245 _aFlaws in child nutrition and health governance
260 _c2008
300 _ap.17-21.
362 _a26 Apr
650 _aHealth services
650 _aNutrition
700 _aKhaira, Navdeep Singh
773 _aEconomic and Political Weekly
908 _aN
909 _a78076
999 _c78076
_d78076